10 Biggest Cities In Turkey - Statistics

General Stats
  • This quiz has been taken 50 times
  • The average score is 7 of 10
Answer Stats
Hint Answer % Correct
A Ankara
100%
I Istanbul
100%
I Izmir
94%
A Antalya
85%
B Bursa
79%
A Adana
65%
G Gaziantep
65%
K Konya
47%
M Mersin
26%
K Kayseri
24%
No matching quizzes found
Score Distribution
Percent of People with Each Score
Percentile by Number Answered
Your Score History
You have not taken this quiz